000 00700nam a2200193Ia 4500
008 140321s9999 xx 000 0 und d
020 _a9780470824320
050 _aTX 911.5
_b.St82 2010
245 _aStrategic hospitality leadership :
_ban Asian initiative /
_cedited by : Russell Arthur Smith and Judy Siguaw.
260 _aSingapore :
_bJohn Wiley & Sons,
_cc2010.
300 _a243 p. :
_c25 cm.
500 _aIncludes bibliographical references and index.
521 _aTOU
650 _aHospitality industry
_xAsia --Case studies.
650 _aHospitality industry
_xAsia --Management.
650 _aHospitality industry
_xStudy and Teaching --Asia.
942 _kFOR
_cBK
999 _c48521
_d48521